Länder mit den höchsten Schulden - Statistiken

Allgemein
  • Dieses Quiz wurde 34 mal gespielt
  • Das Durchschnittsergebnis liegt bei 8 aus 20
Antwortstatistiken
Schuld Land % Korrekt
121% USA
94%
113% Deutschland
84%
135% Italien
81%
102% Spanien
81%
237% Japan
77%
151% Griechenland
71%
111% Kanada
71%
101% Vereinigtes Königreich
68%
105% Belgien
48%
164% Venezuela
32%
174% Singapur
23%
272% Sudan
19%
164% Libanon
16%
114% Kap Verde
6%
134% Bahrain
3%
103% Barbados
3%
108% Bhutan
3%
134% Malediven
3%
115% Sambia
3%
114% Senegal
3%
Keine übereinstimmenden Quizze gefunden
Verteilung der Resultate
Anzahl Personen mit jedem Resultat
Perzentil nach korrekt beantworteten Fragen
Ihre Resultats-Entwicklung
Sie haben dieses Quiz noch nicht gespielt